| 000 | 00674nam a2200229 u 4500 | ||
|---|---|---|---|
| 005 | 20220603063447.0 | ||
| 008 | 131127s1980 r 000 0 eng d | ||
| 020 | _a9789681506049 | ||
| 035 | _aUPN01000194269 | ||
| 049 | _aCG | ||
| 050 | 4 |
_aPQ7297 U8 _bG4.7 |
|
| 100 | 1 |
_aUsigli, Rodolfo, _d1905-1979 |
|
| 245 | 1 | 3 |
_aEl gesticulador ; _bLa mujer no hace milagros / _cRodolfo Usigli. |
| 260 |
_aMéxico : _bMexicanos Unidos, _c1980. |
||
| 300 | _a287 p. | ||
| 440 | 0 |
_aLiteratura universal. _pTeatro |
|
| 650 | 2 |
_aTeatro mexicano _910342 |
|
| 650 | 4 |
_aLiteratura mexicana _ySiglo XX _95344 |
|
| 740 | 3 | _aLa mujer no hace milagros | |
| 905 | _aLibro | ||
| 999 |
_c166370 _d166370 |
||